Zvárací ustavovací prípravok pre firmu KMF

Uložené v:
Podrobná bibliografia
Hlavný autor: Holíček, Timotej (Autor)
Ďalší autori: Košťál, Peter (Vedúci práce)
Médium: Rukopis Kniha
Jazyk:Slovak
Vydavateľské údaje: 2025
Predmet:
On-line prístup:http://is.stuba.sk/zp/portal_zp.pl?podrobnosti=176913
Tagy: Pridať tag
Žiadne tagy, Buďte prvý, kto otaguje tento záznam!

MARC

LEADER 00000ntm a22000003a 4500
001 stuzp104107
003 SK-STU
005 20250628211223.5
007 ta
008 150427s2015----xo-----f-mn---000-0-slo-d
040 |a STU  |b slo 
041 0 |a slo 
100 1 |a Holíček, Timotej  |u 063000  |4 aut  |U MTF Materiálovotechnologická fakulta  |T MTF Ústav výrobných technológií  |X 121968  |U M3000  |Y 83  |7 121968 
242 0 1 |a Welding fixture for the KMF company  |y eng 
245 1 0 |a Zvárací ustavovací prípravok pre firmu KMF 
260 |c 2025 
650 4 |a Prípravok  |2 slo 
650 4 |a MIG/MAG  |2 slo 
650 4 |a Návrh prípravku  |2 slo 
650 4 |a Zvárací prípravok  |2 slo 
650 4 |a Siemens NX  |2 slo 
650 4 |a Welding Jig  |2 eng 
650 4 |a MIG/MAG  |2 eng 
650 4 |a Jig design,  |2 eng 
650 4 |a Siemens NX  |2 eng 
650 4 |a Fixture  |2 eng 
700 1 |a Košťál, Peter  |u 063800  |k Z1  |4 ths  |U MTF Ústav výrobných technológií  |T MTF Katedra výrobných zariadení a systémov  |X 216  |U M3800  |Y 660  |7 A000000216 
856 4 |u http://is.stuba.sk/zp/portal_zp.pl?podrobnosti=176913 
996 |c M* BP-9929  |l MMSKP  |s P  |a 0  |w stuzp104107_0001